Logo biblioteca
Santa Fe 2917, Rosario, Santa Fe
Lu-Vi 8 a 19.45
+54-341-4232362
bibliotecaeudoro@gmail.com
Facebook Biblioteca Pedagógica
Sitio web

Por fin 6... / (Registro nro. 32714)

Detalles MARC
000 -CABECERA
campo fijo de control de longitud 00721nam a22002297a 4500
001 - NÚMERO DE CONTROL
campo de control 32714
003 - IDENTIFICADOR DEL NÚMERO DE CONTROL
campo de control AR-RoBPED
005 - FECHA Y HORADE LA ULTIMA TRANSACCION
campo de control 20260507150811.0
008 - ELEMENTOS DE LONGITUD FIJA--INFORMACION GENERAL
campo fijo de control de longitud 260506s1987 ag a|||b |||| 000 0 spa d
040 ## - FUENTE CATALOGADORA
Centro catalogador/agencia de origen AR-RoBPED
041 ## - IDIOMA
Código de idioma para texto/pista de sonido o título independiente spa
245 00 - TITULO
Título Por fin 6... /
Mención de responsabilidad María Elena de Ambrosio...[et al.]
260 ## - PUBLICACION
Lugar Buenos Aires :
Editor Magisterio del Río de la Plata,
Fecha 1987.
300 ## - DESCRIPCION FISICA
Extensión 127 p. :
Otros detalles físicos il. col.
650 #4 - TERMINO DE MATERIA--CONTROLADO
Término controlado LIBROS DE TEXTO
9 (RLIN) 1459
Término controlado ARCHIVO INFANTIL
9 (RLIN) 24464
Término controlado SEXTO GRADO
9 (RLIN) 1465
700 ## - ENCABEZAMIENTO SECUNDARIO--AUTOR PERSONAL
Nombre de persona Ambrosio, María Elena de
9 (RLIN) 30872
Nombre de persona Lascano, Gabriela
9 (RLIN) 30873
Función il.
942 ## - ELEMENTOS KOHA
Fuente de clasificación Universal Decimal Classification
Número Koha k. 32714
Koha tipo de ítem Libro
Clasificación 372.4
Pre signatura IA
Signatura librística P 78
N° inventario inv. 42430
945 ## - PROCESAMIENTO DE LA INFORMACIÓN LOCAL
Catalogador y fecha mm 06/05/2026 - lgc 07/05/2026
Existencias
Estado retirado Estado perdido Fuente de clasificación Estado dañado No se presta Biblioteca propietaria Biblioteca de reserva Fecha de adquisición Procedencia Total de préstamos Signatura topográfica completa Código de barras (nº de inventario) Fecha visto por última vez Catalogador y fecha Tipo de ítem Koha Nota pública
    Universal Decimal Classification   No se presta Biblioteca Pedagógica Eudoro Díaz Biblioteca Pedagógica Eudoro Díaz 05/05/2026 Donación   IA 372.4 P 78 42430 06/05/2026 mm 06/05/2026 Libro No se presta a domicilio.